Crisis y solucion del comercio exterior argentino /
Guardado en:
| Autor Principal: | |
|---|---|
| Formato: | Libro |
| Publicado: |
Buenos Aires :
Problemas Nacionales,
1962
|
| Materias: | |
| Etiquetas: |
Agregar Etiqueta
Sin Etiquetas, Sea el primero en etiquetar este registro!
|
| LEADER | 00599nam a22001935a 4500 | ||
|---|---|---|---|
| 001 | EHU.bham027321 | ||
| 003 | AR-BHAM | ||
| 005 | 20110511115616.0 | ||
| 008 | 130507s1962##################000#0#####d | ||
| 082 | 3 | 8 | |a 382 |
| 100 | 1 | |a Notta, Julio | |
| 245 | 1 | 0 | |a Crisis y solucion del comercio exterior argentino / |c Julio Notta |
| 260 | |a Buenos Aires : |b Problemas Nacionales, |c 1962 | ||
| 300 | |a 328 p. | ||
| 653 | |a Donacion lejarraga | ||
| 653 | |a Comercio argentino | ||
| 653 | |a Comercio internacional-argentina | ||
| 653 | |a Comercio exterior | ||
| 859 | |a AR-BHAM |b BIB. HUMANIDADES - General |h 382 |i N846 |p 1146.04 |t Ej.1 | ||
